Pokemon - Equipes des dresseurs clés - Unys - Statistiques

Statistiques générales
  • Ce quiz a été pris 117 fois
    104 depuis la dernière actualisation
  • Le résultat moyen est 151 sur 221
Statistiques - réponses
Dresseur Pokémon % Correct
Manternel
98%
Feuillajou
96%
Flamajou
96%
Flotajou
96%
Miradar
96%
Aloé Ponchien
96%
Inezia Emolga
94%
Armando | Bianca (Route 2) | Noa | Rachid Ponchiot
94%
Artie Scobolide
94%
Shaofouine
94%
Artie (NB2) Couverdure
92%
Kunz Judokrak
92%
Karaclee
92%
Lugulabre
92%
Zeblitz
92%
Drakkarmin
90%
Minotaupe
90%
Pyrax
90%
Tranchodon
90%
Betochef
88%
Crabicoque
88%
Deflaisan
88%
Mushana
88%
Siderella
88%
Percila Symbios
88%
Anis Tutankafer
88%
Carolina (NB2 - Challenge) Cryptero
86%
Watson / Iris (NB) Incisache
86%
Leopardus
86%
Zhu Sorboul
86%
Bardane Escroco
84%
Frison
84%
Hexagel
84%
Moustillon
84%
Trioxhydre
84%
Batracné
82%
N (Arabelle) | Tcheren (Ogoesse) Chacripan
82%
Crocorible
82%
Matis (Pavonnay) | Tcheren (Renouet) Gruikui
82%
Polagriffe
82%
Reshiram
82%
Vipelierre
82%
Ghetis (NB2) | N (Palais de N) Zekrom
82%
Cliticlic
80%
Golemastoc
80%
Lakmecygne
80%
Tcheren (NB2) Ratentif
80%
Scalproie
80%
Zoroark
80%
Grotichon
78%
Lianaja
78%
Sorbouboul
78%
Clamiral
76%
Lancargot
76%
Mateloutre
76%
Moyade
76%
Carolina Rhinolove
76%
Matis (Vaguelone) | Tcheren (Route 10) Roitiflam
76%
Inezia (NB2 - Challenge) Statitik
76%
Pieris Baggaïd
75%
Crapustule
75%
Majaspic
75%
Megapagos
75%
Ohmassacre
75%
Poichigeon
75%
Tic
75%
Goyah Limaspeed
73%
Inezia (NB2) Lainergie
71%
Watson (NB2) Libegon
71%
Kunz (NB2 - Normal - Revanche) Lucario
71%
Magnezone
71%
Mastouffe
71%
Aeropteryx
69%
Tcheren (Route 5) Colombeau
67%
N (Méanville) Darumarond
65%
Dracolosse
65%
Strykna Smogo
65%
Tcheren (Mont Foré) Feuiloutan
63%
Flamoutan
63%
Nikolaï (Frégate Plasma) Magneton
63%
N (Maillard) Tritonde
63%
Flotoutan
61%
Metalosse
61%
Munna
61%
Tcheren (Route Victoire) Gigalithe
59%
Latios
59%
Kunz (NB2 - Challenge - Revanche) Mackogneur
59%
Nikolaï (Route 4) Magneti
59%
Mascaïman
59%
Neitram
59%
N (Grotte Electrolithe) Geolithe
57%
Pieris (NB - Revanche) Sharpedo
57%
Carolina (NB2) Airmure
55%
Carchacrok
55%
Anis (NB2 - Challenge - Revanche) Ectoplasma
55%
Grodrive
55%
Bardane (NB2) Sablaireau
55%
Wailord
55%
Pieris (NB2 - Challenge) Absol
53%
Carabing
53%
Charpenti
53%
Artie (NB2 - Challenge) Escargaume
53%
Percila (NB2 - Normal - Revanche) Gallame
53%
Guajava Latias
53%
Watson (NB2 - Challenge) Altaria
51%
Grindur
51%
Anis (NB2 - Normal - Revanche) Magirêve
49%
Percila (NB2 - Challenge - Revanche) Alakazam
47%
Anis (NB2 - Challenge) Branette
47%
Goyah (NB2) Gueriaigle
47%
Strykna (Challenge) Tadmorv
47%
Coatox
45%
Anis (NB - Revanche) Momartik
45%
Tengalice
45%
Nikolaï (Labo P2) Motisma
41%
Trio des ombres Scalpion
41%
Pieris (NB2 - Challenge - Revanche) Tyranocif
41%
Baggiguane
39%
Kunz (Revanche) Chapignon
39%
Charmina
39%
Pieris (NB2 - Normal - Revanche) Corboss
39%
Demolosse
39%
Amana (Challenge) Demanta
37%
Drascore
37%
Percila (NB - Revanche) Archeodong
35%
Metang
35%
Bardane (NB2 - Challenge) Onix
33%
Feunard
27%
Hippodocus
27%
Rhinastoc
27%
Givrali
25%
Kabutops
25%
Phyllali
25%
N (NB2) Tarpaud
25%
Arcanin
24%
Mammochon
24%
Amonistar
22%
Armaldo
20%
Blizzaroi
20%
Tritosor
20%
Staross
18%
Vacilys
18%
Crustabri
16%
Galopa
16%
Lanturn
16%
Ninjask
16%
Cizayox
14%
Tentacruel
12%
Aucun quiz correspondant
Distribution des résultats
% des personnes avec chaque résultat
Percentile par nombre de réponses
Votre historique - résultats
Vous n’avez pas pris ce quiz depuis la dernière actualisation